000 00455nam a2200145 4500
020 _a0070622213
050 _aQD516
_b.S88
100 _aStrehlow, Roger A.
245 _aCombustion fundamentals
_b(McGraw-Hill series in energy, combustion, and environment)
_cRoger A. Strehlow
260 _aNew York
_bMcGraw-Hill Book Company
_c1984
300 _axiv, 554 p. : ill. ; 25 cm.
500 _aIncludes index
650 _b Combustion.
_vVerbrennung.
942 _cGEN
999 _c87
_d87